Bionicle​​ adventure : (Record no. 2379)

MARC details
000 -LEADER
fixed length control field 01171cam a22003493a 4500
001 - CONTROL NUMBER
control field 2379
003 - CONTROL NUMBER IDENTIFIER
control field FISKH
005 - DATE AND TIME OF LATEST TRANSACTION
control field 20231121140201.0
008 - FIXED-LENGTH DATA ELEMENTS--GENERAL INFORMATION
fixed length control field 050329s2004 nyuab j 000 f eng d
010 ## - LIBRARY OF CONGRESS CONTROL NUMBER
LC control number 2005273696
020 ## - INTERNATIONAL STANDARD BOOK NUMBER
International Standard Book Number 0439607345
020 ## - INTERNATIONAL STANDARD BOOK NUMBER
International Standard Book Number 078073004997
035 ## - SYSTEM CONTROL NUMBER
System control number (OCoLC)ocm56116865
040 ## - CATALOGING SOURCE
Original cataloging agency IF9
Transcribing agency IF9
Modifying agency VP@
-- DLC
Language of cataloging eng
050 00 - LIBRARY OF CONGRESS CALL NUMBER
Classification number MLCM 2006/43320
082 ## - DEWEY DECIMAL CLASSIFICATION NUMBER
Classification number 813.6
100 1# - MAIN ENTRY--PERSONAL NAME
Personal name Farshtey, Greg
245 10 - TITLE STATEMENT
Title Bionicle​​ adventure :
Remainder of title Legends of metru nui /
Statement of responsibility, etc. by Greg Farshtey
250 ## - EDITION STATEMENT
Edition statement First printing, September 2004
260 ## - PUBLICATION, DISTRIBUTION, ETC.
Place of publication, distribution, etc. New York :
Name of publisher, distributor, etc. Scholastic,
Date of publication, distribution, etc. 2003
300 ## - PHYSICAL DESCRIPTION
Extent 133 pages :
Other physical details color illustrations ;
Dimensions 20 cm
505 ## - FORMATTED CONTENTS NOTE
Formatted contents note L<br/>
520 ## - SUMMARY, ETC.
Summary, etc. After their defeat of the Morbuzakh and the shape-shifting Krahka, the Toa Netru expect to be hailed as heroes.
521 ## - TARGET AUDIENCE NOTE
Target audience note 520<br/>
Source Lexile<br/>
521 ## - TARGET AUDIENCE NOTE
Target audience note L<br/>
Source Raz-Plus<br/>
650 #0 - SUBJECT ADDED ENTRY--TOPICAL TERM
Topical term or geographic name entry element Mata Nui (Imaginary place)
Form subdivision Juvenile fiction.
650 #0 - SUBJECT ADDED ENTRY--TOPICAL TERM
Topical term or geographic name entry element Action figures (Toys)
Form subdivision Juvenile fiction.
650 #0 - SUBJECT ADDED ENTRY--TOPICAL TERM
Topical term or geographic name entry element LEGO toys
Form subdivision Juvenile fiction.
655 #7 - INDEX TERM--GENRE/FORM
Genre/form data or focus term Science fiction
Form subdivision Juvenile fiction.
Source of term gsafd
906 ## - LOCAL DATA ELEMENT F, LDF (RLIN)
a 7
b cbc
c copycat
d 2
e ncip
f 20
g y-gencatlg
942 ## - ADDED ENTRY ELEMENTS (KOHA)
Source of classification or shelving scheme Dewey Decimal Classification
Koha item type Books
Suppress in OPAC No
Holdings
Withdrawn status Lost status Source of classification or shelving scheme Damaged status Not for loan Collection Home library Current library Shelving location Date acquired Total Checkouts Full call number Barcode Date last seen Price effective from Koha item type Copy number
    Dewey Decimal Classification     Juvenile Fiction Footprints International School Library Network Toul Kork Campus Footprints International School Library Network Toul Kork Campus TK Primary Library Room(4th Floor), Bookcase 3&4, Shelves 17-32, Yellow Books 11/21/2023   FAR 813.6 PZ7 FISTK01022 11/21/2023 11/21/2023 Books  
    Dewey Decimal Classification     Juvenile Fiction Footprints International School Library Network Toul Tom Poung Campus Footprints International School Library Network Toul Tom Poung Campus TTP Primary Yellow Bookshelves 10/21/2025   FAR 813.6 PZ7 FIS03208 10/21/2025 10/21/2025 Books 2